| 000 | 00499nam a2200193Ia 4500 | ||
|---|---|---|---|
| 003 | GCL | ||
| 008 | 140319s9999 xx 000 0 eng d | ||
| 040 |
_aGCL / _cGCL |
||
| 082 | 0 | 4 |
_aCC _b916.202 _bH D |
| 100 | 1 | _aVAN- DER- HEYDEN A. | |
| 245 | 1 | 0 |
_aDENDERAH, KARNAK AND LUXOR / _cVAN- DER- HEYDEN A. |
| 260 |
_a[S.N] : _bAL AHRAM\ EL SEVIER |
||
| 300 |
_a27 CM ؛ _c61 P |
||
| 650 | 0 | 4 | _aANCIENT EGYPT |
| 650 | 0 | 4 | _aHISTORY |
| 650 | 0 | 4 | _aARCHAEOLOGY |
| 650 | 0 | 4 | _aEGYPTOLOGY |
| 942 |
_2ddc _cBK |
||
| 999 |
_c16125 _d16125 |
||